| 000 | 01209nam a22002297a 4500 | ||
|---|---|---|---|
| 005 | 20240530110335.0 | ||
| 008 | 140906s2008 ua gr 000 0 ara d | ||
| 017 |
_a2904/2008 _bالقاهرة : دار الكتب المصرية |
||
| 020 | _a9774376013 | ||
| 040 | _aEG-CaGPL | ||
| 082 | 0 | 4 |
_221 _a932 _bق/ر ر |
| 100 | 0 | 0 | _aرمضان عبده على |
| 245 | 1 | 0 |
_aرؤى جديدة فى تاريخ مصر القديمة منذ اقدم العصور حتى نهاية عصر الاسرات الوطنية : _bج 4 من الاسرة التاسعة عشرة حتى دخول الاسكندر الاكبر مصر عام 332 قبل الميلاد م _cتاليف رمضان عبده على ؛ تقديم زاهى حواس |
| 260 |
_aالقاهرة : _bالمجلس الاعلى للاثار ، _c2008 |
||
| 300 |
_a441 ص ؛ _c24 سم |
||
| 490 | _aنحو وعى حضارى معاصر | ||
| 490 |
_aسلسلة الثقافة الاثرية والتاريخية : مشروع المئة كتاب _v55 |
||
| 651 | 0 | 7 |
_aمصر القديمة _xتاريخ |
| 651 | 0 | 7 |
_aمصر القديمة _xتاريخ _yعصر الاسرة التاسعة عشرة |
| 700 | 0 | 0 |
_aزاهر حواس _eمقدم |
| 942 |
_2ddc _cBK |
||
| 999 |
_c59773 _d59773 |
||